| 000 | 00736nam a2200205Ia 4500 | ||
|---|---|---|---|
| 005 | 20260121110058.0 | ||
| 008 | 008 260114s9999 xx 000 0 hin d | ||
| 020 | _a9788132354390 | ||
| 037 | _aEBOOK | ||
| 040 |
_aCRL _bhin _cCRL |
||
| 041 |
_ahin _2hin |
||
| 084 | _qCRL | ||
| 100 |
_aविपिन त्यागी / Vipin Tyagi _9941777 |
||
| 245 | 0 | _aसामान्य कार्बनिक रसायन एवं ऐलिफैटिक हाइड्रोकार्बन / Saral Rasayan Vigyan | |
| 260 |
_bभाषा प्रकाशन / Bhasha Prakashan _c2020 |
||
| 856 | _uhttps://bhashaprakashan.com/product-details/382629 | ||
| 942 | _cEBOOK | ||
| 999 |
_c1533442 _d1533442 |
||